LEADER 00887nam a2200193 i 4500 001 000000215199 003 CaOOAMICUS 005 20120816000000.0 008 120816s1807 it u000 u mul u 013 $a194071 026 $at.um reli e-he chDi (3) 1807 (R) 040 $aSeMil$bita 245 10$aTomo 9. 300 $aVIII, 421, [1] p., p. IX, [1] p. 500 $aContiene confutazione delle opere di Jakob Brucker. - Segn. : pigreco4 A-3G4-3G4. 773 0 $aGerdil, Giacinto Sigismondo <1718-1802>$tOpere edite ed inedite del cardinale Giacinto Sigismondo Gerdil ... dedicate alla Santità di N. S. Pio 7. p. m. Tomo 1. [-20.].$dIn Roma : Dalle stampe di Vincenzo Poggioli, in via dell'Anima n. 10, 1806-1821.$g9$w()27233 850 $aSeMil 852 $aSeMil$W1$xVenegono$y1$m2B V 9 FA$j165620$B165620$CSeMilBibl$Z2$F176621 $8I 996 $6245$aTomo 9$9(OLS)http://semarc/title/194409 LEADER 01226nam a2200229 i 4500 001 000000233993 003 CaOOAMICUS 005 20141002000000.0 008 141002s1901 it u000 u ita u 013 $a212896 040 $aSeMil$bita 245 10$aCodici :$bcodice civile, codice di procedura civile, codice di commercio, codice per la marina mercantile, codice penale, codice di procedura penale, codice penale per l'esercito, codice penale militare marittimo. 250 $a2. ed. riveduta. 260 $aMilano :$bUlrico Hoepli,$c1901. 300 $a1259 p. ;$c16 cm. 490 0 $aManuali Hoepli 773 0 $tCodici e leggi del Regno d'Italia.$dMilano : Ulrico Hoepli, 1901.$kManuali Hoepli$g1$w()30623 830 0$aManuali Hoepli.$0(OLS)http://semarc/title/7639 850 $aSeMil 852 $aSeMil$W1$xVenegono$y1$m2ZB IV 20 FA$j184339$B184339$CSeMilBibl$Z2$F195328 $8I 996 $6245$aCodici :$bcodice civile, codice di procedura civile, codice di commercio, codice per la marina mercantile, codice penale, codice di procedura penale, codice penale per l'esercito, codice penale militare marittimo$9(OLS)http://semarc/title/334034 996 $6260$aMilano :$bUlrico Hoepli$9(OLS)http://semarc/publisher/29765